Palaces that changed the world / (Record no. 3938)

MARC details
000 -LEADER
fixed length control field 00662nam a2200205 ar4500
001 - CONTROL NUMBER
control field 3940
005 - DATE AND TIME OF LATEST TRANSACTION
control field 20221127090839.0
008 - FIXED-LENGTH DATA ELEMENTS--GENERAL INFORMATION
fixed length control field 140821s gw a 00110|eng d
020 ## - INTERNATIONAL STANDARD BOOK NUMBER
International Standard Book Number 3791329146(hpb)
082 04 - DEWEY DECIMAL CLASSIFICATION NUMBER
Classification number 728.82
Item number R272 2003
100 1# - MAIN ENTRY--PERSONAL NAME
Personal name Reichold, Klaus.
245 10 - TITLE STATEMENT
Title Palaces that changed the world /
Statement of responsibility, etc. Klaus Reichold ;[translated from the German by John W. Gabriel].
260 ## - PUBLICATION, DISTRIBUTION, ETC.
Place of publication, distribution, etc. Munich, Germany ;
-- New York,
Name of publisher, distributor, etc. 2003.
300 ## - PHYSICAL DESCRIPTION
Extent 128 p. :
Other physical details col. ill. ;
Dimensions 33 cm.
504 ## - BIBLIOGRAPHY, ETC. NOTE
Bibliography, etc. note Includes bibl. references and index.
650 #4 - SUBJECT ADDED ENTRY--TOPICAL TERM
Topical term or geographic name entry element Palaces.
650 #4 - SUBJECT ADDED ENTRY--TOPICAL TERM
Topical term or geographic name entry element Historic buildings.
650 #4 - SUBJECT ADDED ENTRY--TOPICAL TERM
Topical term or geographic name entry element Kings and rulers
General subdivision Dwellings.
650 #4 - SUBJECT ADDED ENTRY--TOPICAL TERM
Topical term or geographic name entry element Architecture
General subdivision History.
Holdings
Withdrawn status Lost status Source of classification or shelving scheme Damaged status Not for loan Home library Current library Date acquired Total Checkouts Full call number Barcode Date last seen Copy number Price effective from Koha item type
              11/27/2022   728.82 R272 2003 1000000006870 11/27/2022 C1 11/27/2022 Book